000 00718nam a2200241Ia 4500
003 OSt
005 20220928114745.0
006 a|||||r|||| 00| 0
007 ta
008 220927b |||||||| |||| 00| 0 eng d
024 _a30253
037 _cTextual
040 _aSDCL
_cSDCL
_beng
041 _2eng
_aeng
082 _aX9:327.5'N8, M9
100 _aSharp Margaret Ed.
_9440764
245 0 _aStrategies for new technology
_b Case studies from Britain and France
260 _aPhilip
_bAllan New York
_c1989
300 _ax,249p
_ccm.
700 _a Holmes Peter Ed.
_9440765
942 _hX9:327.5'N8, M9
_cTEXL
_2CC
999 _c756291
_d756291